书目信息 |
| 题名: |
狗狗、企鹅和我
|
|
| 作者: | 小川糸 著 ;王盈盈 译 | |
| 分册: | ||
| 出版信息: | 成都 天地出版社 2022.04 |
|
| 页数: | 406页 | |
| 开本: | 19cm | |
| 丛书名: | ||
| 单 册: | ||
| 中图分类: | I313.65 | |
| 科图分类: | ||
| 主题词: | 散文集--san wen ji--日本--现代 | |
| 电子资源: | ||
| ISBN: | 978-7-5455-6865-3 | |
| 000 | 00822nam0 2200241 450 | |
| 001 | 011025153712 | |
| 005 | 20221025153712.0 | |
| 010 | @a978-7-5455-6865-3@dCNY59.80 | |
| 100 | @a20201004d2022 em y0chiy0110 ea | |
| 101 | 1 | @achi@cjpn |
| 102 | @aCN@b510000 | |
| 105 | @ay z 000cy | |
| 106 | @ar | |
| 200 | 1 | @a狗狗、企鹅和我@Agou gou qi e he wo@f(日) 小川糸著@g王盈盈译 |
| 210 | @a成都@c天地出版社@d2022.04 | |
| 215 | @a406页@d19cm | |
| 300 | @a小川糸疗愈馆 | |
| 330 | @a本书为日本散文作品集,是作者对自己生活的真实记录,收录有《核桃》《今天的面包》《美好的早餐》《第一春》《去巴黎》《彩虹》等文章。 | |
| 606 | 0 | @a散文集@Asan wen ji@y日本@z现代 |
| 690 | @aI313.65@v5 | |
| 701 | 0 | @c(日)@a小川糸@Axiao chuan mi@f(1973-)@4著 |
| 702 | 0 | @a王盈盈@Awang ying ying@4译 |
| 905 | @a河南城建学院图书馆@dI313.65@eX3741 | |
| 狗狗、企鹅和我/(日) 小川糸著/王盈盈译.-成都:天地出版社,2022.04 |
| 406页;19cm |
| 小川糸疗愈馆 |
| ISBN 978-7-5455-6865-3:CNY59.80 |
| 本书为日本散文作品集,是作者对自己生活的真实记录,收录有《核桃》《今天的面包》《美好的早餐》《第一春》《去巴黎》《彩虹》等文章。 |
| ● |
| 相关链接 |
|
|
|
正题名:狗狗、企鹅和我
索取号:I313.65/X3741
 
预约/预借
| 序号 | 登录号 | 条形码 | 馆藏地/架位号 | 状态 | 备注 |
| 1 | 1589170 | 215891701 | 文学库116/116文学库 15排4列1层/ [索取号:I313.65/X3741] | 在馆 | |
| 2 | 1589171 | 215891710 | 文学库116/116文学库 15排4列1层/ [索取号:I313.65/X3741] | 在馆 |